000 00346nam a2200145Ia 4500
008 150201s2013 xx 000 0 und d
082 _a618.2
_bO13D
100 _aDUTTA, D.C.
245 _aTB. OF OBSTETRICS
250 _a7TH
260 _bNEW CENTRAL BOOK AGENCY
_aINDIA
_c2013
300 _a1-688
650 _aOBS. & GYN
942 _2ddc
_cBK
_085
999 _c1697
_d1697